Mechanical vibrations (Record no. 65470)
[ view plain ]
| 000 -LEADER | |
|---|---|
| fixed length control field | 00417nam a22001697a 4500 |
| 003 - CONTROL NUMBER IDENTIFIER | |
| control field | NUST - PNEC |
| 005 - DATE AND TIME OF LATEST TRANSACTION | |
| control field | 20170116180916.0 |
| 008 - FIXED-LENGTH DATA ELEMENTS--GENERAL INFORMATION | |
| fixed length control field | 150818b xxu||||| |||| 00| 0 eng d |
| 020 ## - INTERNATIONAL STANDARD BOOK NUMBER | |
| International Standard Book Number | 0201526867 |
| 040 ## - CATALOGING SOURCE | |
| Transcribing agency | LIBRARY |
| 082 ## - DEWEY DECIMAL CLASSIFICATION NUMBER | |
| Classification number | 620.3 RAO |
| 100 ## - MAIN ENTRY--PERSONAL NAME | |
| 9 (RLIN) | 5248 |
| Personal name | Rao, Singiresu S |
| 245 ## - TITLE STATEMENT | |
| Title | Mechanical vibrations |
| Statement of responsibility, etc. | Singiresu S, Rao |
| 250 ## - EDITION STATEMENT | |
| Edition statement | 4th ed |
| 650 ## - SUBJECT ADDED ENTRY--TOPICAL TERM | |
| 9 (RLIN) | 5249 |
| Topical term or geographic name entry element | Vibration |
| General subdivision | ME |
| 942 ## - ADDED ENTRY ELEMENTS (KOHA) | |
| Source of classification or shelving scheme | |
| Koha item type | Book |
| Withdrawn status | Lost status | Source of classification or shelving scheme | Damaged status | Not for loan | Permanent Location | Current Location | Shelving location | Date acquired | Total Checkouts | Full call number | Barcode | Date last seen | Date last checked out | Price effective from | Koha item type |
|---|---|---|---|---|---|---|---|---|---|---|---|---|---|---|---|
| Pakistan Navy Engineering College (PNEC) | Pakistan Navy Engineering College (PNEC) | 2 | 620.3 RAO | PNECLIB-027958 | 11/17/2016 | 11/17/2016 | Book |
